[Event "IECC CL7-2012.02 email"]
[White "Butcher, Robert Evan Sr"]
[Black "Cumings Steen, Michael"]
[Site "IECC email"]
[Round "?"]
[Result "1-0"]
[Date "2012.02.29"]
[WhiteElo "1009"]
[BlackElo "1104"]
[PlyCount "63"]
[EventDate "2012.??.??"]
[EventType "tourn (corr)"]
[EventRounds "4"]
[SourceTitle "Telechess CBM 165"]
[Source "ChessBase"]
[SourceDate "2015.03.11"]
[SourceVersion "1"]
[SourceVersionDate "2015.03.11"]
[SourceQuality "1"]
[BlackTeam "US of America"]
[BlackTeamCountry "USA"]

1. e4 e5 2. Nf3 Nc6 3. d4 exd4 4. Nxd4 Nf6 5. Bg5 d5 6. Nxc6 bxc6 7. e5 Qe7 8. Qe2 Be6 9. exf6 gxf6 10. Be3 Rg8 11. c3 a5 12. Nd2 a4 13. g3 Rb8 14. b3 Qa3 15. Qd1 Bg4 16. f3 Qe7 17. Qe2 Bf5 18. b4 Be6 19. Bc5 Qd7 20. Rd1 Bxc5 21. bxc5 Rb2 22. a3 d4 23. cxd4 Qxd4 24. Qf2 Qe5+ 25. Be2 Ra2 26. 0-0 Rxa3 27. Nc4 Bxc4 28. Bxc4 Rc3 29. Rfe1 Rxc4 30. Rxe5+ fxe5 31. Qb2 Rxc5 32. Qb8+ 1-0

[Event "IECC Swiss-524.1"]
[White "Cumings Steen, Michael"]
[Black "Von Rosenberg, Clemens"]
[Site "IECC email"]
[Round "?"]
[Result "0-1"]
[Date "2007.05.15"]
[WhiteElo "1062"]
[BlackElo "1771"]
[PlyCount "36"]
[EventDate "2007.??.??"]
[EventType "swiss (corr)"]
[EventRounds "1"]
[SourceTitle "Corr 2011"]
[Source "ChessBase"]
[SourceDate "2010.08.31"]
[SourceVersion "1"]
[SourceVersionDate "2010.08.31"]
[SourceQuality "1"]
[WhiteTeam "Netherlands"]
[BlackTeam "Australia"]
[WhiteTeamCountry "NED"]
[BlackTeamCountry "AUS"]

1. e4 c5 2. d4 cxd4 3. c3 dxc3 4. Nxc3 Nc6 5. Nf3 e6 6. Bc4 d6 7. Nb5 Nf6 8. Ng5 h6 9. Nf3 Nxe4 10. Be3 d5 11. Bb3 Qa5+ 12. Nc3 Nxc3 13. bxc3 Qxc3+ 14. Bd2 Qd3 15. Rc1 Bb4 16. Ba4 0-0 17. Bxc6 bxc6 18. Bxb4 Qe4+ 0-1

[Event "IECC CL8-2004.07 email"]
[White "Booth, Grahame"]
[Black "Cumings Steen, Michael"]
[Site "IECC email"]
[Round "?"]
[Result "1-0"]
[Date "2004.05.17"]
[WhiteElo "989"]
[BlackElo "1016"]
[PlyCount "43"]
[EventDate "2004.??.??"]
[EventType "tourn (corr)"]
[EventRounds "4"]
[SourceTitle "Corr 2008"]
[Source "ChessBase"]
[SourceDate "2008.06.24"]
[SourceVersion "1"]
[SourceVersionDate "2008.06.24"]
[SourceQuality "1"]

1. e4 e5 2. Nc3 Nf6 3. Nf3 Bb4 4. a3 Ba5 5. Bc4 Nc6 6. b4 Bb6 7. 0-0 d6 8. d3 0-0 9. Bg5 Nd4 10. Nd5 Bg4 11. h3 Nxf3+ 12. gxf3 Bd7 13. Bxf6 gxf6 14. Qd2 c6 15. Nxb6 axb6 16. Qh6 f5 17. Kh2 Kh8 18. Rg1 Rg8 19. Rxg8+ Qxg8 20. Rg1 Qf8 21. Qf6+ Qg7 22. Qxg7# 1-0

[Event "IECC CL8-2004.07 email"]
[White "Cumings Steen, Michael"]
[Black "Davidson, Allan D"]
[Site "IECC email"]
[Round "?"]
[Result "1-0"]
[Date "2004.05.17"]
[WhiteElo "1000"]
[BlackElo "1001"]
[PlyCount "23"]
[EventDate "2004.??.??"]
[EventType "tourn (corr)"]
[EventRounds "4"]
[SourceTitle "Corr 2008"]
[Source "ChessBase"]
[SourceDate "2008.06.24"]
[SourceVersion "1"]
[SourceVersionDate "2008.06.24"]
[SourceQuality "1"]

1. e4 e5 2. d4 d6 3. dxe5 dxe5 4. Qxd8+ Kxd8 5. Nc3 Nf6 6. Bg5 Be7 7. 0-0-0+ Nbd7 8. Nf3 b6 9. Nxe5 Rf8 10. Bc4 h6 11. Bxf7 hxg5 12. Nc6# 1-0

[Event "IECC KO email"]
[White "Cumings Steen, Michael"]
[Black "Guelker, Lorenz"]
[Site "IECC email"]
[Round "?"]
[Result "0-1"]
[Date "2000.08.24"]
[WhiteElo "1002"]
[BlackElo "1048"]
[PlyCount "56"]
[EventDate "2000.??.??"]
[EventType "tourn (corr)"]
[EventRounds "6"]
[SourceTitle "Corr 2008"]
[Source "ChessBase"]
[SourceDate "2008.06.24"]
[SourceVersion "1"]
[SourceVersionDate "2008.06.24"]
[SourceQuality "1"]

1. e4 e5 2. d4 exd4 3. c3 dxc3 4. Bc4 cxb2 5. Bxb2 f6 6. Nf3 Nc6 7. Qa4 Bc5 8. Ba3 Bxa3 9. Qxa3 Qe7 10. Qxe7+ Ngxe7 11. Nc3 Ne5 12. Nxe5 fxe5 13. Nd5 Nxd5 14. Bxd5 c6 15. Bc4 d6 16. 0-0 b5 17. Bb3 a5 18. a4 Ke7 19. Rfc1 Bd7 20. Rd1 b4 21. Rd3 Be6 22. Rad1 Bxb3 23. Rxb3 c5 24. Rbd3 c4 25. Rf3 Rab8 26. Rd5 c3 27. Rxa5 c2 28. Ra7+ Kd8 0-1

[Event "IECC KO email"]
[White "Hofmann, Andreas"]
[Black "Cumings Steen, Michael"]
[Site "IECC email"]
[Round "?"]
[Result "1-0"]
[Date "2000.01.11"]
[WhiteElo "1131"]
[BlackElo "986"]
[PlyCount "69"]
[EventDate "2000.??.??"]
[EventType "tourn (corr)"]
[EventRounds "6"]
[SourceTitle "Corr 2008"]
[Source "ChessBase"]
[SourceDate "2008.06.24"]
[SourceVersion "1"]
[SourceVersionDate "2008.06.24"]
[SourceQuality "1"]

1. Nf3 d5 2. c4 d4 3. e3 Nc6 4. exd4 Nxd4 5. Nxd4 Qxd4 6. Nc3 c6 7. d3 e5 8. Be3 Qd8 9. d4 exd4 10. Bxd4 Nf6 11. Be2 Bb4 12. 0-0 c5 13. Bxf6 Qxf6 14. Nd5 Qd6 15. Nxb4 Qxd1 16. Raxd1 cxb4 17. Rfe1 0-0 18. Bf3 Be6 19. Bxb7 Rad8 20. b3 Rxd1 21. Rxd1 Bc8 22. Bxc8 Rxc8 23. Rd7 Kf8 24. Rxa7 Re8 25. Kf1 Re7 26. Ra8+ Re8 27. Rxe8+ Kxe8 28. Ke2 Kd7 29. Kd3 Kc6 30. Kd4 f5 31. f4 g6 32. h4 h5 33. c5 Kc7 34. Kc4 Kc6 35. Kxb4 1-0

[Event "IECC Swiss email"]
[White "Cumings Steen, Michael"]
[Black "Stoffers, Jeffrey"]
[Site "IECC email"]
[Round "?"]
[Result "0-1"]
[Date "1999.11.16"]
[WhiteElo "985"]
[BlackElo "1387"]
[PlyCount "68"]
[EventDate "1999.??.??"]
[EventType "tourn (corr)"]
[EventRounds "6"]
[SourceTitle "Corr 2008"]
[Source "ChessBase"]
[SourceDate "2008.06.24"]
[SourceVersion "1"]
[SourceVersionDate "2008.06.24"]
[SourceQuality "1"]

1. d4 d5 2. Nc3 Nf6 3. Bg5 c6 4. Nf3 Bg4 5. Ne5 Bf5 6. e3 e6 7. Bd3 Bxd3 8. Qxd3 Be7 9. f4 Nbd7 10. 0-0-0 h6 11. Bh4 Qc7 12. Rhf1 0-0 13. e4 Bb4 14. Nxd7 Nxd7 15. e5 f6 16. g4 c5 17. g5 hxg5 18. fxg5 fxe5 19. dxe5 Nxe5 20. Rxf8+ Rxf8 21. Qg3 Rf3 22. Nb5 Qb8 23. Qg2 a6 24. Bg3 Rxg3 25. Qxg3 axb5 26. Qf4 Nd3+ 27. cxd3 Qxf4+ 28. Kc2 Qxh2+ 29. Kb1 Qe2 30. Kc1 c4 31. dxc4 bxc4 32. a3 c3 33. bxc3 Bxa3+ 34. Kb1 Qb2# 0-1